[Event "FISU World University"]
[Site "Tornelo INT"]
[Date "2020.10.27"]
[Round "6.18"]
[White "Voloshinsky, Liubomir"]
[Black "Marikova, Jana"]
[Result "1-0"]
[WhiteElo "2118"]
[BlackElo "2163"]
[PlyCount "47"]
[EventDate "2020.10.26"]
[EventType "team-swiss (rapid)"]
[EventRounds "9"]
[EventCountry "NET"]
[SourceTitle "CBM 199 Extra"]
[Source "ChessBase"]
[SourceDate "2021.01.31"]
[SourceVersion "1"]
[SourceVersionDate "2021.01.31"]
[SourceQuality "1"]
[WhiteTeam "Ukraine II"]
[BlackTeam "Czech Republic"]
[WhiteTeamCountry "UKR"]
[BlackTeamCountry "CZE"]

1. e4 c5 2. Nf3 d6 3. d4 cxd4 4. Nxd4 Nf6 5. Nc3 a6 6. Bg5 Nbd7 7. f4 Qa5 8. Qd2 h6 9. Bh4 Qh5 10. Bg3 Nc5 11. Qe3 e5 12. Nf3 exf4 13. Bxf4 Be7 14. 0-0-0 Ng4 15. Qg1 Ne5 16. Nd5 Ne6 17. Bxe5 dxe5 18. Nxe7 Kxe7 19. Qb6 Re8 20. Qd6+ Kf6 21. g4 Qxg4 22. Qxe5+ Ke7 23. Qd6+ Kf6 24. e5+ 1-0

[Event "CZE-chT2C 1920"]
[Site "Czech Republic"]
[Date "2019.12.15"]
[Round "5.5"]
[White "Marikova, Jana"]
[Black "Kucera, Tomas"]
[Result "1-0"]
[WhiteElo "2131"]
[BlackElo "1993"]
[PlyCount "65"]
[EventDate "2019.10.13"]
[EventType "team-tourn"]
[EventRounds "11"]
[EventCountry "CZE"]
[SourceTitle "EXT 2024"]
[Source "ChessBase"]
[SourceDate "2023.10.10"]
[SourceVersion "1"]
[SourceVersionDate "2023.10.10"]
[SourceQuality "1"]
[WhiteTeam "Ricany 1925"]
[BlackTeam "Kobylisy II"]
[WhiteTeamCountry "CZE"]
[BlackTeamCountry "CZE"]

1. d4 Nf6 2. c4 g6 3. Nc3 Bg7 4. e4 d6 5. Nf3 0-0 6. Be2 e5 7. 0-0 Nc6 8. d5 Ne7 9. Ne1 Nd7 10. Be3 f5 11. f3 f4 12. Bf2 g5 13. c5 Nxc5 14. b4 Na6 15. Nd3 Rf6 16. Rc1 Rh6 17. Kh1 Qe8 18. Bg1 Rg6 19. a4 h5 20. Nf2 Nxb4 21. Nb5 Na6 22. Rxc7 Qd8 23. Rc3 Nc5 24. Nd3 Nxd3 25. Qxd3 Bd7 26. Rfc1 g4 27. Qb1 Qa5 28. Rc7 gxf3 29. Bxf3 Rd8 30. Rxb7 a6 31. Bb6 Qxa4 32. Nc3 Qc4 33. Bxd8 1-0

[Event "CZE-chT2C 1718"]
[Site "Czech Republic"]
[Date "2018.02.11"]
[Round "8.2"]
[White "Sokolov, Alexander"]
[Black "Marikova, Jana"]
[Result "1-0"]
[WhiteElo "2393"]
[BlackElo "2146"]
[PlyCount "65"]
[EventDate "2017.10.15"]
[EventType "team-tourn"]
[EventRounds "11"]
[EventCountry "CZE"]
[SourceTitle "EXT 2022"]
[Source "ChessBase"]
[SourceDate "2021.10.06"]
[SourceVersion "1"]
[SourceVersionDate "2021.10.06"]
[SourceQuality "1"]
[WhiteTeam "Pankrac II"]
[BlackTeam "Ricany"]
[WhiteTeamCountry "CZE"]
[BlackTeamCountry "CZE"]

1. e4 c5 2. Nf3 d6 3. d4 cxd4 4. Nxd4 Nf6 5. Nc3 a6 6. Bc4 e6 7. Bb3 Be7 8. f4 0-0 9. 0-0 b5 10. e5 dxe5 11. fxe5 Bc5 12. Be3 Nd5 13. Nxd5 exd5 14. Kh1 Bxd4 15. Bxd4 Be6 16. c3 Nc6 17. Bc5 Re8 18. Bd6 Ne7 19. Qd3 Ra7 20. a4 Rb7 21. axb5 axb5 22. Rad1 Rd7 23. Bc2 Ng6 24. Qxb5 f6 25. Qb4 fxe5 26. Ba4 Rxd6 27. Bxe8 Rb6 28. Qa5 Nf4 29. Ba4 Nxg2 30. Bd7 Bf7 31. Rxf7 Kxf7 32. Qxd5+ Kf8 33. Qc5+ 1-0

[Event "Valasska Bystrice op"]
[Site "Valasska Bystrice"]
[Date "2016.09.10"]
[Round "1"]
[White "Marikova, Jana"]
[Black "Cech, Jaroslav"]
[Result "1-0"]
[WhiteElo "2187"]
[BlackElo "1754"]
[PlyCount "121"]
[EventDate "2016.09.10"]
[EventType "swiss"]
[EventRounds "9"]
[EventCountry "CZE"]
[SourceTitle "CBM 174 Extra"]
[Source "ChessBase"]
[SourceDate "2016.10.10"]
[SourceVersion "1"]
[SourceVersionDate "2016.10.10"]
[SourceQuality "1"]

1. d4 Nf6 2. c4 g6 3. Nc3 Bg7 4. e4 d6 5. Nf3 0-0 6. Be2 Nc6 7. 0-0 e5 8. d5 Ne7 9. Ne1 Nd7 10. Be3 f5 11. f3 f4 12. Bf2 Nf6 13. c5 b6 14. cxd6 cxd6 15. Rc1 Bb7 16. Nb5 Ne8 17. Nd3 a6 18. Na3 b5 19. Qb3 Rc8 20. Nb4 Qd7 21. Nc6 Kh8 22. Nxe7 Qxe7 23. Rxc8 Bxc8 24. Nc2 Nf6 25. Nb4 Bb7 26. Qa3 Ra8 27. Rc1 Qd7 28. Qa5 Rc8 29. Rc3 Rxc3 30. bxc3 Qc8 31. Nc2 Nd7 32. Na3 Bf6 33. c4 bxc4 34. Nxc4 Be7 35. Qb4 Qc7 36. Bf1 g5 37. Na5 Bc8 38. Nc6 Bf8 39. Qa3 Bb7 40. Nb4 a5 41. Nd3 Be7 42. Nb2 Qc1 43. Nc4 Qxa3 44. Nxa3 Bd8 45. Bb5 Nb6 46. Be1 Nc8 47. Nc4 a4 48. Bxa4 Ba6 49. Bb3 Bb6+ 50. Nxb6 Nxb6 51. Ba5 Nc8 52. Bd8 h6 53. Kf2 Kg7 54. h4 gxh4 55. Bxh4 Kf7 56. g3 fxg3+ 57. Bxg3 Ne7 58. f4 Kf6 59. fxe5+ dxe5 60. Bh4+ Kf7 61. d6+ 1-0

[Event "Ricany op"]
[Site "Ricany"]
[Date "2015.08.24"]
[Round "4"]
[White "Vojta, Tomas"]
[Black "Marikova, Jana"]
[Result "1-0"]
[WhiteElo "2387"]
[BlackElo "2148"]
[PlyCount "59"]
[EventDate "2015.08.22"]
[EventType "swiss"]
[EventRounds "9"]
[EventCountry "CZE"]
[SourceTitle "EXT 2023"]
[Source "ChessBase"]
[SourceDate "2022.10.05"]
[SourceVersion "1"]
[SourceVersionDate "2022.10.05"]
[SourceQuality "1"]

1. d4 c5 2. e3 Nf6 3. Nf3 g6 4. c3 Bg7 5. Bd3 0-0 6. 0-0 d6 7. Qe2 Qc7 8. Nbd2 a6 9. dxc5 dxc5 10. e4 Nc6 11. Bc2 b6 12. Re1 Nd7 13. Nf1 b5 14. Ne3 Nde5 15. Nd5 Qb7 16. Bg5 Re8 17. Nxe5 Nxe5 18. f4 Nc4 19. Bb3 Nb6 20. Qf2 Be6 21. Qxc5 Bxd5 22. exd5 Nd7 23. Qc6 Qa7+ 24. Kh1 Nf6 25. d6 exd6 26. Rxe8+ Nxe8 27. f5 Bf6 28. fxg6 hxg6 29. Bxf6 Nxf6 30. Rf1 1-0

[Event "Stare Mesto op"]
[Site "Stare Mesto"]
[Date "2015.08.21"]
[Round "9"]
[White "Husek, Martin"]
[Black "Marikova, Jana"]
[Result "1/2-1/2"]
[WhiteElo "1934"]
[BlackElo "2148"]
[PlyCount "66"]
[EventDate "2015.08.14"]
[EventType "swiss"]
[EventRounds "10"]
[EventCountry "CZE"]
[SourceTitle "EXT 2016"]
[Source "ChessBase"]
[SourceDate "2015.10.08"]
[SourceVersion "1"]
[SourceVersionDate "2015.10.08"]
[SourceQuality "1"]

1. e4 c5 2. Nf3 d6 3. d4 cxd4 4. Nxd4 Nf6 5. Nc3 a6 6. Bg5 Nbd7 7. f4 Qc7 8. Qf3 h6 9. Bxf6 Nxf6 10. f5 Qc5 11. 0-0-0 g5 12. e5 dxe5 13. Ndb5 g4 14. Na4 gxf3 15. Nxc5 axb5 16. Bxb5+ Bd7 17. Nxd7 0-0-0 18. Nxf6 exf6 19. Rxd8+ Kxd8 20. Rd1+ Kc7 21. gxf3 Bd6 22. Kd2 Rg8 23. Ke3 Rg5 24. a4 Rxf5 25. Be8 Rf4 26. b3 Rh4 27. Rh1 Bc5+ 28. Ke2 e4 29. Bxf7 f5 30. Bg6 Rf4 31. Rf1 Rh4 32. Rh1 Rf4 33. Rf1 Rh4 1/2-1/2

[Event "Stare Mesto op"]
[Site "Stare Mesto"]
[Date "2015.08.18"]
[Round "6"]
[White "Marikova, Jana"]
[Black "Kanovsky, David"]
[Result "1/2-1/2"]
[WhiteElo "2148"]
[BlackElo "2453"]
[PlyCount "54"]
[EventDate "2015.08.14"]
[EventType "swiss"]
[EventRounds "10"]
[EventCountry "CZE"]
[SourceTitle "EXT 2016"]
[Source "ChessBase"]
[SourceDate "2015.10.08"]
[SourceVersion "1"]
[SourceVersionDate "2015.10.08"]
[SourceQuality "1"]

1. d4 Nf6 2. c4 c5 3. d5 e6 4. Nc3 exd5 5. cxd5 d6 6. e4 g6 7. Be2 Bg7 8. Nf3 0-0 9. Nd2 Re8 10. 0-0 Nbd7 11. h3 g5 12. Nc4 Nxe4 13. Nxe4 Rxe4 14. Nxd6 Rd4 15. Qc2 Nb6 16. Nxc8 Rxc8 17. Be3 Rb4 18. Rab1 Nxd5 19. Qf5 Nxe3 20. fxe3 Rc7 21. Bd3 Rh4 22. b3 g4 23. hxg4 Qd6 24. Rf4 Qe5 25. Re1 Qxf5 26. gxf5 Rxf4 27. exf4 Bd4+ 1/2-1/2

[Event "CZE/SVK-chT (Women)"]
[Site "Ricany"]
[Date "2015.07.02"]
[Round "7"]
[White "Motycakova, Monika"]
[Black "Marikova, Jana"]
[Result "1/2-1/2"]
[WhiteElo "2139"]
[BlackElo "2164"]
[PlyCount "31"]
[EventDate "2015.06.27"]
[EventType "team-tourn"]
[EventRounds "7"]
[EventCountry "CZE"]
[SourceTitle "EXT 2017"]
[Source "ChessBase"]
[SourceDate "2016.10.25"]
[SourceVersion "1"]
[SourceVersionDate "2016.10.25"]
[SourceQuality "1"]

1. e4 c5 2. Nf3 d6 3. d4 cxd4 4. Nxd4 Nf6 5. Nc3 a6 6. Be2 e5 7. Nb3 Be7 8. 0-0 0-0 9. Kh1 b6 10. Bg5 Nbd7 11. a4 Bb7 12. Qd3 Rc8 13. f3 h6 14. Be3 Qc7 15. Rfd1 Rfd8 16. Bf1 1/2-1/2

[Event "CZE/SVK-chT (Women)"]
[Site "Ricany"]
[Date "2015.06.30"]
[Round "6"]
[White "Marikova, Jana"]
[Black "Jascenko, Olga"]
[Result "0-1"]
[WhiteElo "2164"]
[BlackElo "2184"]
[PlyCount "128"]
[EventDate "2015.06.27"]
[EventType "team-tourn"]
[EventRounds "7"]
[EventCountry "CZE"]
[SourceTitle "EXT 2017"]
[Source "ChessBase"]
[SourceDate "2016.10.25"]
[SourceVersion "1"]
[SourceVersionDate "2016.10.25"]
[SourceQuality "1"]

1. d4 Nf6 2. c4 e6 3. Nf3 Bb4+ 4. Bd2 a5 5. g3 d5 6. Bg2 dxc4 7. 0-0 Nd5 8. e4 Nb6 9. Be3 0-0 10. Qc2 Bd7 11. a3 Ba4 12. Qe2 Be7 13. Nc3 Bb3 14. Nd2 a4 15. f4 Nc6 16. d5 exd5 17. exd5 Na5 18. Nde4 Nc8 19. Bd4 Ra6 20. f5 f6 21. Rf4 Bd6 22. Rh4 Qe8 23. Re1 Qf7 24. Bf3 Be5 25. Bxe5 fxe5 26. f6 gxf6 27. Nc5 Rd6 28. Ne6 Ne7 29. Nxf8 Kxf8 30. Nb5 Rd7 31. Qd2 c3 32. Qxc3 Bxd5 33. Bxd5 Qxd5 34. Nxc7 Qd6 35. Qxa5 Rxc7 36. Qb4 Qd3 37. Qb6 Nd5 38. Qd6+ Kf7 39. Rf1 Qe3+ 40. Kh1 Rc5 41. Qd7+ Ne7 42. Rxh7+ Kg6 43. Rh4 Rc1 44. Qg4+ Kf7 45. Rh7+ Ke8 46. Rh8+ Kf7 47. Qh5+ Ke6 48. Rxc1 Qxc1+ 49. Kg2 Qxb2+ 50. Kh3 Qxa3 51. Qg4+ Kd6 52. Rd8+ Kc5 53. Qe6 Kb5 54. Qxf6 Nc6 55. Rd7 Ka6 56. Qf7 Qb4 57. Qf1+ Ka5 58. Rd5+ b5 59. Qc1 Kb6 60. Qe3+ Ka5 61. Rxe5 Qc4 62. Re8 Nd4 63. Re4 Qf1+ 64. Kg4 Qf5+ 0-1

[Event "CZE-chT1W 1415"]
[Site "Czech Republic"]
[Date "2015.01.04"]
[Round "5.8"]
[White "Marikova, Jana"]
[Black "Hruska, Jan"]
[Result "0-1"]
[WhiteElo "2188"]
[BlackElo "2147"]
[PlyCount "82"]
[EventDate "2014.10.19"]
[EventType "team-tourn"]
[EventRounds "11"]
[EventCountry "CZE"]
[SourceTitle "EXT 2016"]
[Source "ChessBase"]
[SourceDate "2015.10.08"]
[SourceVersion "1"]
[SourceVersionDate "2015.10.08"]
[SourceQuality "1"]
[WhiteTeam "Ceske Budejovice"]
[BlackTeam "Unichess II"]
[WhiteTeamCountry "CZE"]
[BlackTeamCountry "CZE"]

1. d4 d5 2. c4 e6 3. Nc3 c6 4. Nf3 f5 5. Bf4 Bd6 6. Bxd6 Qxd6 7. c5 Qe7 8. e3 Nf6 9. Be2 Nbd7 10. b4 e5 11. 0-0 0-0 12. b5 Ne4 13. Rc1 Nxc3 14. Rxc3 e4 15. Nd2 Nf6 16. bxc6 bxc6 17. Qa4 Qc7 18. Rb1 Bd7 19. Rcb3 Rfb8 20. Ba6 Rxb3 21. Qxb3 Qa5 22. Qb7 Rf8 23. Nb3 Qa3 24. Bf1 Bc8 25. Qxc6 Qxa2 26. Ra1 Qxb3 27. Rxa7 Qb8 28. Qa4 Be6 29. Qa6 Bf7 30. c6 Qc8 31. Qb6 Qb8 32. Rb7 Qd6 33. Ba6 Ng4 34. g3 Qa3 35. Rb8 Qc1+ 36. Kg2 Qc2 37. Rxf8+ Kxf8 38. Qd8+ Be8 39. Qd6+ Kf7 40. Qxd5+ Ke7 41. Qxf5 Nxe3+ 0-1

[Event "CZE-chT1W 1415"]
[Site "Czech Republic"]
[Date "2014.12.07"]
[Round "4.5"]
[White "Marikova, Jana"]
[Black "Klecker, Tadeas"]
[Result "1-0"]
[WhiteElo "2188"]
[BlackElo "2222"]
[PlyCount "65"]
[EventDate "2014.10.19"]
[EventType "team-tourn"]
[EventRounds "11"]
[EventCountry "CZE"]
[SourceTitle "CBM 163 Extra"]
[Source "ChessBase"]
[SourceDate "2014.12.23"]
[SourceVersion "1"]
[SourceVersionDate "2014.12.23"]
[SourceQuality "1"]
[WhiteTeam "Ceske Budejovice"]
[BlackTeam "Praha Pankrac"]
[WhiteTeamCountry "CZE"]
[BlackTeamCountry "CZE"]

1. d4 d5 2. c4 c6 3. Nc3 Nf6 4. Nf3 e6 5. Bg5 Nbd7 6. e3 Qa5 7. Nd2 Bb4 8. Qc2 0-0 9. Bxf6 Nxf6 10. Bd3 dxc4 11. Nxc4 Qc7 12. 0-0 b6 13. Ne4 Nxe4 14. Bxe4 f5 15. Bf3 Bb7 16. Rac1 Rac8 17. Qb3 Bd6 18. Nxd6 Qxd6 19. Rc3 Rc7 20. Rfc1 Rfc8 21. Qa4 Ba8 22. Qc2 g6 23. a3 e5 24. dxe5 Qxe5 25. b4 a5 26. Qb3+ Kg7 27. bxa5 Qxa5 28. Qb2 Kh6 29. e4 f4 30. Be2 Rd8 31. Bb5 Rcd7 32. Rh3+ Kg5 33. Qe5+ 1-0

[Event "CZE-chT1W 1415"]
[Site "Czech Republic"]
[Date "2014.11.11"]
[Round "2.5"]
[White "Kucera, Petr3333"]
[Black "Marikova, Jana"]
[Result "1/2-1/2"]
[WhiteElo "2252"]
[BlackElo "2188"]
[PlyCount "25"]
[EventDate "2014.10.19"]
[EventType "team-tourn"]
[EventRounds "11"]
[EventCountry "CZE"]
[SourceTitle "EXT 2015"]
[Source "ChessBase"]
[SourceDate "2014.11.20"]
[SourceVersion "1"]
[SourceVersionDate "2014.11.20"]
[SourceQuality "1"]
[WhiteTeam "Novoborsky II"]
[BlackTeam "Ceske Budejovice"]
[WhiteTeamCountry "CZE"]
[BlackTeamCountry "CZE"]

1. c4 Nf6 2. Nc3 g6 3. g3 Bg7 4. Bg2 0-0 5. Nf3 d6 6. d4 c6 7. 0-0 Qa5 8. Bg5 Be6 9. Qd3 Nbd7 10. Rfd1 Rab8 11. h3 h6 12. Bxf6 Nxf6 13. e4 1/2-1/2

[Event "CZE-chT1W 1415"]
[Site "Czech Republic"]
[Date "2014.10.19"]
[Round "1.5"]
[White "Marikova, Jana"]
[Black "Balacek, Tadeas"]
[Result "1/2-1/2"]
[WhiteElo "2188"]
[BlackElo "2217"]
[PlyCount "20"]
[EventDate "2014.10.19"]
[EventType "team-tourn"]
[EventRounds "11"]
[EventCountry "CZE"]
[SourceTitle "EXT 2015"]
[Source "ChessBase"]
[SourceDate "2014.11.20"]
[SourceVersion "1"]
[SourceVersionDate "2014.11.20"]
[SourceQuality "1"]
[WhiteTeam "Ceske Budejovice"]
[BlackTeam "Lysa nad Labem II"]
[WhiteTeamCountry "CZE"]
[BlackTeamCountry "CZE"]

1. d4 Nf6 2. c4 g6 3. Nc3 Bg7 4. e4 d6 5. Nf3 0-0 6. Be2 e5 7. 0-0 exd4 8. Nxd4 Re8 9. f3 c6 10. Kh1 Nbd7 1/2-1/2